The performance of the army's spare parts supply unit /
Saved in:
| 主要作者: | |
|---|---|
| 格式: | Thesis 图书 |
| 语言: | English |
| 出版: |
2011.
|
| 主题: | |
| 标签: |
添加标签
没有标签, 成为第一个标记此记录!
|
| LEADER | 01185cam a2200313 i 4500 | ||
|---|---|---|---|
| 001 | u1128737 | ||
| 003 | SIRSI | ||
| 005 | 201912121631 | ||
| 008 | 191212s2011 my a m 000 0 eng | ||
| 040 | |a UMM |e rda | ||
| 043 | |a a-my--- | ||
| 090 | |a HD31 |b UM 2011 Mohea | ||
| 100 | 0 | |a Mohd Ezan Abdullah, |e author. | |
| 245 | 1 | 4 | |a The performance of the army's spare parts supply unit / |c Mej Mohd Ezan Bin Abdullah. |
| 264 | 1 | |c 2011. | |
| 300 | |a viii, 68 leaves : |b illustrations ; |c 30 cm | ||
| 336 | |a text |2 rdacontent | ||
| 337 | |a unmediated |2 rdamedia | ||
| 338 | |a volume |2 rdacarrier | ||
| 502 | |b M.Mgmt. |c Fakulti Perniagaan dan Perakaunan, Universiti Malaya |d 2011. | ||
| 504 | |a Bibliography: leaves i-iii. | ||
| 610 | 1 | 0 | |a Malaysia. |b Angkatan Tentera. |
| 650 | 0 | |a Military supplies. | |
| 650 | 0 | |a Vehicles, Military |z Malaysia. | |
| 651 | 0 | |a Malaysia |x Armed Forces |x Transportation. | |
| 710 | 2 | |a Universiti Malaya. |b Fakulti Perniagaan dan Perakaunan, |e degree granting institution. | |
| 900 | |a NNANS NSM | ||
| 596 | |a 1 | ||
| 999 | |a HD31 UM 2011 MOHEA |w LC |c 1 |i A517081687 |f 20/12/2019 |g 1 |l STACKS |m P01UTAMA |r Y |s Y |t TESIS |u 12/12/2019 |1 AHSS |o .STAFF. SURAT AGREEMENT & CD TIDAK DISERTAKAN. | ||
